| 000 | 01489nam2a2200265 4500 | ||
|---|---|---|---|
| 001 | rc\2859605 | ||
| 005 | 20200325100637.0 | ||
| 035 | _a(NLR Aleph) 007013996 | ||
| 090 |
_a13578372 _c13578372 |
||
| 100 | _a20110709d1953 |||y0rusy50 ca | ||
| 101 | 0 | _arus | |
| 102 | _aRU | ||
| 105 | _aa z ||||| | ||
| 200 | 1 |
_a1863-1872 _fПодготовка текста и коммент. М.А. Цявловского и Н.Д. Покровской |
|
| 210 |
_aМосква _cГос. изд-во худож. лит. _d1953 |
||
| 215 |
_aVIII, 423 с., 3 л. ил. _cил. |
||
| 461 | 0 |
_1001rc\2859602 _12001#$aПолное собрание сочинений$eЮбилейное изд. 1828-1928$hСерия 3$iПисьма$fЛ.Н. Толстой$gПод общ. ред. В.Г. Черткова$gПри участии ред. ком. в составе: А. Е. Грузинского, Н. К. Гудзия, Н. Н. Гусева ... [и др.]$gИзд. осуществляется под наблюдением Гос. ред. комиссии в составе: В. Д. Бонч-Бруевича, И. К. Луппола и М. А. Савельева$vТ. 61 _1700#1$aТолстой$bЛ. Н.$gЛев Николаевич$f1828-1910$3RU\NLR\AUTH\771515 |
|
| 702 | 1 |
_aЦявловский _bМ. А. _4340 |
|
| 702 | 1 |
_aПокровская _bН. Д. _4340 |
|
| 801 | 0 |
_aRU _bNLR _gpsbo |
|
| 801 | 1 |
_aRU _bELAR _2rusmarc |
|
| 852 |
_aNLR _bЛ _j30 Г-7/109 |
||
| 942 | _cBOOK | ||
| 980 | _aNB | ||